000 00691nam a22002537a 4500
003 UA-OsUOA
001 23642
007 ta
008 20040127b un ||||| |||| 00| 0 ukr d
100 _aФилатова О.Г.
090 _a316
_bФ50
942 _cBK
040 _aUA-OsUOA
_brus
_cUA-OsUOA
_dUA-OsUOA
245 _aМетодика и техника социологического исследования
_bКонспект лекций
300 _a48 с.
955 _a0
041 _arus
080 _a316
020 _a5-8016-0061-2
260 _aСанкт-Петербург
_bМихайлова В.А.
_c2000
044 _aRU
650 7 _2UDC
999 _c309894
_d309894